Представление документа в формате RUSMARC

ПолеНазваниеЗначение
  Тип записи a
  Библиографический уровень c
001 Контрольный номер 7eccb58a49a546bc9ae2fecb687bd77c
005 Дата корректировки 20201206205152.3
010 Индекс ISBN __
a ISBN 978-5-9691-1716-7 (в пер.)
d Цена 519-04; 369-27, 3000 экз.
100 Данные общей обработки __
a Данные общей обработки 19181211d2018||||||| 0rusy0189 ca
101 Язык документа 0_
a Язык текста rus
102 Страна публикации __
a Страна публикации RU|
102 Страна публикации __
a Страна публикации RU
105 Кодированные данные (монография) __
a Кодированные данные (монография) #|||||||000zy
200 Заглавие и сведения об ответственности 1_
a Заглавие Счастливый Феликс
e Сведения, относящиеся к заглавию рассказы и повесть
f Первые сведения об ответственности Елена Катишонок
b Общее обозначение материала Текст
210 Выходные данные __
a Место издания Москва
c Издательство Время
d Дата издания 2018
215 Физическое описание __
a Объем 189, [2] с.
d Формат 17 см
225 Серия __
a Серия Самое время!
327 Примечание о содержании __
a Примечание о содержании Язва
327 Примечание о содержании __
a Примечание о содержании Творческая жилка
327 Примечание о содержании __
a Примечание о содержании Урок музыки
327 Примечание о содержании __
a Примечание о содержании Красные башмачки
327 Примечание о содержании __
a Примечание о содержании Магнитное поле
327 Примечание о содержании __
a Примечание о содержании Подарок на женский день
327 Примечание о содержании __
a Примечание о содержании Азорские острова
327 Примечание о содержании __
a Примечание о содержании Елка
327 Примечание о содержании __
a Примечание о содержании Петербургская старушка : повесть
330 Аннотация __
a Аннотация "Прекрасный язык. Пронзительная ясность бытия. Непрерывность рода и памяти - все то, по чему тоскует сейчас настоящий Читатель", - так отозвалась Дина Рубина о первой книге Елены Катишонок "Жили-были старик со старухой". С той поры у автора вышли еще три романа, она стала популярным писателем, лауреатом премии "Ясная Поляна", как бы отметившей "толстовский отблеск" на ее прозе. И вот в полном соответствии с яснополянской традицией, Елена Катишонок предъявляет читателю книгу малой прозы - рассказов, повести и "конспекта романа", как она сама обозначила жанр "Счастливого Феликса", от которого буквально перехватывает дыхание. Да и другие рассказы, наверное, автор могла бы развернуть из "конспектов" в более просторные полотна. Могла бы - но не стала. Потому что знает цену точной детали, лаконичной фразе, мастерски выстроенному сюжету. Единый сюжет есть и у всей книги. Автор видит его так: "от сияющего бесконечного дня ребенка к неумолимой взрослой осени, когда солнце движется к закату, но тем неистовее становится желание жить".
333 Примечание о целевом назначении __
a Примечание о целевом назначении 16+. Для детей старше 16 лет
606 Тематические рубрики __
a Основная рубрика Художественная литература
606 Тематические рубрики __
a Основная рубрика Современная русская литература (произведения)
610 Ключевые слова __
a Ключевые слова проза
610 Ключевые слова __
a Ключевые слова современная проза
610 Ключевые слова __
a Ключевые слова женская проза
610 Ключевые слова __
a Ключевые слова рассказы
610 Ключевые слова __
a Ключевые слова тема взаимоотношений
610 Ключевые слова __
a Ключевые слова тема семейных отношений
610 Ключевые слова __
a Ключевые слова тема воспитания
610 Ключевые слова __
a Ключевые слова тема школьной жизни
610 Ключевые слова __
a Ключевые слова повести
610 Ключевые слова __
a Ключевые слова тема жизни
686 Индексы других классификаций __
2 Код системы rubbks
a Классификационный индекс 84(2=411.2)6-4; ст84(2=411.2)6-4
700 Автор _1
a Фамилия Катишонок
b Имя Е. А.
f Даты 1950-
g Полное личное имя Елена Александровна
4 Код отношения 070
801 Источник записи _0
a Страна RU
b Организация Муниципальное бюджетное учреждение культуры "Централизованная библиотечная система" г. Сургут (Центральная городская библиотека им. А. С. Пушкина)
c Дата составления 20181211
g Правила каталогизации PSBO
801 Источник записи _1
a Страна RU
b Организация Муниципальное бюджетное учреждение культуры "Централизованная библиотечная система" г. Сургут (Центральная городская библиотека им. А. С. Пушкина)
c Дата составления 20181211
g Правила каталогизации PSBO
852 Данные о местонахождении __
j Шифр хранения 84(2=411.2)6-4
i Авторский знак К 29
901 Тип документа __
t Тип документа x
a Ответственный КиК/Лукашук; КиК/Мамарузиева
903 Характеристики (МАРС) __
a Дата передачи 20190912; 20181211
990 Данные о заказе (DOS) __
j Количество экземпляров (DOS) 2; 8
t N записи в КСУ для И/У (DOS) 201909; 201811